| 000 | 00885nam a2200277 a 4500 | ||
|---|---|---|---|
| 001 | 50896 | ||
| 003 | BD-RjUL | ||
| 005 | 20211209075559.0 | ||
| 008 | 130829r19701950ii abc b 001 0 eng | ||
| 035 | _a(BD-RjUL) 51016 | ||
| 040 |
_aDLC _cDLC _dDLC _dBD-RjUL _beng |
||
| 041 | _aeng | ||
| 082 | 0 | 4 |
_223 _a491 _bGUI 1970 |
| 100 | 1 | 0 |
_aGune, Pandurang Damodar _924505 |
| 245 | 1 | 3 |
_aAn introduction to comparative philology / _cPandurang Damodar Gune Edited by N. P. Gune. |
| 250 | _a2nd ed. | ||
| 260 |
_aIndia : _bPoona Oriental Book House, _c1950 [impression 1970] |
||
| 300 |
_axxii, 325, 73 p. : _bill. ; _c19 cm. |
||
| 350 | _aRs12.50 | ||
| 650 | 0 |
_aIndo-European philology _xHandbooks, manuals, etc. _924506 |
|
| 650 | 0 |
_aIndo-Aryan languages. _924507 |
|
| 700 | 1 |
_aGune, N. P., _eed. _924508 |
|
| 740 | _aComparative philology. | ||
| 942 |
_2ddc _cBK |
||
| 999 |
_c50896 _d50896 |
||